Solving the frame problem : a mathematical investigation of the common sense law of inertia
Αποθηκεύτηκε σε:
| Κύριος συγγραφέας: | |
|---|---|
| Μορφή: | Βιβλίο |
| Γλώσσα: | English |
| Δημοσίευση: |
Cambridge, Mass. :
The MIT press,
c1997
|
| Θέματα: | |
| Ετικέτες: |
Προσθήκη ετικέτας
Δεν υπάρχουν, Καταχωρήστε ετικέτα πρώτοι!
|
MARC
| LEADER | 00000nam a2200000 i 4500 | ||
|---|---|---|---|
| 001 | 1/56475 | ||
| 008 | 981203s1997 eng d | ||
| 020 | |a 0-262-19384-1 | ||
| 035 | |l 10045571 | ||
| 040 | |a GR-MY-UA |b gre |e aacr | ||
| 041 | 0 | |a eng | |
| 082 | 0 | |a 006.33 | |
| 100 | 1 | |a Shanahan, Murray. | |
| 245 | 1 | 0 | |a Solving the frame problem : |b a mathematical investigation of the common sense law of inertia / |c Murray Shanahan |
| 260 | |a Cambridge, Mass. : |b The MIT press, |c c1997 | ||
| 300 | |a xxxiv, 407 p.; |b ill.; |c 24 cm. | ||
| 500 | |a Includes bibliography and index | ||
| 650 | 0 | 0 | |a Artificial intelligence. |
| 650 | 0 | 0 | |a Logic. |
| 650 | 0 | 0 | |a Knowledge representation (Information theory) |
| 852 | |a INST |b SAMOS |e 19981203 |h 006.33 SHA |p 005300013719 |q 005300013719 |t BK |y 0 | ||
| 901 | |a BIBL-1998-3 | ||
| 909 | |a Σ |b 060283 | ||
| 922 | |a 3ΕΛΗ |b 199810 |c ΤΠΕΣ |d ΠΑΠΑΣΩΤΗΡΙΟΥ | ||